00289 a2200121 4500001000700000020001800007040001100025100001700036240005200053245004700105300000600152362000900158186092 a0-435-27323-X cMagnum aIngram, Anne10aThe land of morning calm and other storieslING10aThe land of morning calm and other stories a 0 a2000